| 000 | 00787cam a2200253 4500 | ||
|---|---|---|---|
| 001 | WB3615-30 | ||
| 008 | 000000n2000 000 0 eng u | ||
| 035 | _a(Sirsi) u105325 | ||
| 245 | _aMap redrawn for state aid | ||
| 260 | _c2000 | ||
| 490 |
_aIndependent _v 11 April 2000, 1; |
||
| 490 |
_aDTI Press Release _v(P/2000/264) 10 April 2000 (4) |
||
| 520 | _aAfter nine months of negotiation with the European Commission, government has been forced to revise its proposed map of assisted areas for state aid to industry. | ||
| 590 | _aWB | ||
| 650 | _aSTATE AID | ||
| 650 | _aEUROPEAN AID | ||
| 650 | _aINDUSTRY | ||
| 650 | _aUNITED KINGDOM | ||
| 650 | _aASSISTED AREAS | ||
| 650 | _aOBJECTIVE ONE FUNDING | ||
| 650 | _aREGIONS | ||
| 690 | _aREGENERATION | ||
| 942 | _n0 | ||
| 999 |
_c63148 _d63148 |
||